Engineering Mechanics: Statics and Dynamics (Record no. 4213)

MARC details
005 - DATE AND TIME OF LATEST TRANSACTION
control field 20250623123622.0
020 ## - INTERNATIONAL STANDARD BOOK NUMBER
International Standard Book Number 0-02-354461-9
082 ## - DEWEY DECIMAL CLASSIFICATION NUMBER
Classification number LM 620.1 HIB
100 ## - MAIN ENTRY--PERSONAL NAME
Author name HIBBELER, R. C.
245 ## - TITLE STATEMENT
Title Engineering Mechanics: Statics and Dynamics
250 ## - EDITION STATEMENT
Edition statement 5th Ed.
260 ## - PUBLICATION, DISTRIBUTION, ETC.
Place of publication, distribution, etc. London,
Name of publisher, distributor, etc. Macmillan Publishing Company,
Date of publication, distribution, etc. 1989.
300 ## - PHYSICAL DESCRIPTION
Extent xi, 552p.: Ill.; figure.
Other physical details Index
Dimensions 24cm
942 ## - ADDED ENTRY ELEMENTS (KOHA)
Source of classification or shelving scheme Dewey Decimal Classification
Koha item type Books
Holdings
Date last seen Total checkouts Full call number Barcode Cost, replacement price Price effective from Koha item type Lost status Source of classification or shelving scheme Damaged status Not for loan Withdrawn status Home library Current library Shelving location Date acquired Cost, normal purchase price
06/17/2025   LM 620.1 HIB 00000010870 48000.00 06/17/2025 Books   Dewey Decimal Classification       College of Business Education Main Library College of Business Education Main Library General Collection 04/13/1999 16000.00
06/17/2025   LM 620.1 HIB 00000010871 48000.00 06/17/2025 Books   Dewey Decimal Classification       College of Business Education Main Library College of Business Education Main Library General Collection 04/13/1999 16000.00